00665nam a2200241 a 4500001001300000003000900013005001700022008004100039020001000080082001700090100002100107245002600128260003500154300000800189500003500197505001000232650001300242700002100255902000800276942000700284952011700291999001500408nice12345678IN_TiNIC20260116012056.0050524s1950 hyda grp 000 0 urd  ac10000a297.831bMAH aMahdavia Press,  aMahzarah Shah Dilawar aHyderabadbMahmood Pressc1950 a29p aincludes index and biblioraphy2 aIndex aMahdavia1 aMahdavia Press,  bSRS cBK 001040708StackRoom-aHMIbHMId2007-06-29g100.00l0o297.831 MAHp06660r2007-06-29v100.00w2005-05-24yBK c5543d5543